| 000 | 00423nam a2200181 4500 | ||
|---|---|---|---|
| 003 | SEACOMEC | ||
| 005 | 20231004095251.0 | ||
| 008 | 230930b |||||||| |||| 00| 0 eng d | ||
| 020 | _cRs.165.00 | ||
| 040 | _aSEACOMEC | ||
| 082 |
_bLAK _a530 |
||
| 100 | 1 | _aLakshmi,V | |
| 245 | 1 |
_aEngineering Physics _cV. Lakshmi and S. Usha |
|
| 260 |
_aChennai _bScitech _c2001 |
||
| 650 | _aPhysics | ||
| 700 | 1 | _aV. Usha | |
| 942 | _cBOOK | ||
| 999 |
_c19 _d19 |
||